Movimientos revolucionarios por banderas - Statistics

General Stats
  • This quiz has been taken 20 times
  • The average score is 3 of 10
Answer Stats
Picture Answer % Correct
Viet Cong
71%
Movimiento 26 de julio
50%
Partido Panteras Negras
50%
Frente Sandinista de Liberación Nacional
43%
Frente Polisario
36%
Ejercito Zapatista de Liberacion Nacional
21%
Fuerzas Armadas Revolucionarias de Colombia-Ejército del Pueblo
21%
Sendero Luminoso
21%
Ejército Negro de Liberación
14%
Movimiento Popular de Liberación de Angola
0%
No matching quizzes found
Score Distribution
Percent of People with Each Score
Percentile by Number Answered
Your Score History
You have not taken this quiz